Statistics for Los Angeles Chargers Trivia

Click here to take the quiz!

General Stats

  • This quiz has been taken 1,057 times
    (139 since last reset)
  • The average score is 12 of 16

Answer Stats

QuestionAnswer% Correct
Starting quarterback since 2020Justin Herbert
98%
Quarterback who started every single game between 2006–2019Philip Rivers
97%
City which the Chargers played in from 1961–2016San Diego
97%
Receiver who eclipsed 10,000 career yards in 2023Keenan Allen
94%
Tight end who is the Chargers' all-time leader in receiving yardsAntonio Gates
92%
Running back who scored an NFL record 31 touchdowns in 2006LaDainian Tomlinson
92%
Nickname of the Chargers (hint: lightning)The {Bolts}
86%
Quarterback who the Chargers let walk away after the 2005 seasonDrew Brees
83%
Defensive end from Ohio State who the Chargers drafted #3 overall in 2017Joey Bosa
79%
Former player who is the brother of J. J. and T. J.?{Derek} Watt
73%
Hall of Fame linebacker who tragically committed suicide in 2012,
possibly due to chronic brain trauma
Junior Seau
70%
Quarterback drafted #2 overall in 1998 who is considered one of the
greatest busts of all-time
Ryan Leaf
66%
Chargers quarterback who held the record for most passing yards in a season until
it was broken by Dan Marino in 1984
Dan Fouts
63%
The Chargers top receiver in the 1960s – nicknamed "Bambi"Lance Alworth
37%
Coach whose ultra-conservative approach was dubbed "Marty Ball"Marty Schottenheimer
33%
Former linebacker nicknamed "Lights Out"Shawne Merriman
31%

Score Distribution

Percentile by Number Answered

Percent of People with Each Score

Your Score History

You have not taken this quiz since the last reset